States that have Won the US Women's Curling Championship - Statistics

General Stats
  • This quiz has been taken 8 times
  • The average score is 9 of 10
Answer Stats
Amount State % Correct
10 Minnesota
100%
1 New York
100%
1 North Dakota
100%
6 Washington
100%
1 Alaska
83%
4 Illinois
83%
1 Nebraska
83%
1 Texas
83%
16 Wisconsin
83%
3 Colorado
50%
No matching quizzes found
Score Distribution
Percent of People with Each Score
Percentile by Number Answered
Your Score History
You have not taken this quiz